|
|
|
|
| LEADER |
01235nam a2200313 a 4500 |
| 001 |
000022030 |
| 003 |
CZ BrMZK |
| 005 |
19950413143423.0 |
| 008 |
950313s1995 xr f cze d |
| 020 |
|
|
|a 80-01-01318-9
|
| 040 |
|
|
|a BOA001
|b cze
|
| 080 |
|
|
|a 504.05(075.8)
|2 MRF
|
| 080 |
|
|
|a 504.06(075.8)
|2 MRF
|
| 100 |
1 |
|
|a Vaníček, Ivan,
|d 1944-
|7 ntka174276
|4 aut
|
| 245 |
1 |
0 |
|a Životní prostředí :
|b (inženýrské stavby) /
|c Ivan Vaníček, Jan Schröfel
|
| 250 |
|
|
|a Vyd. 2. přeprac.
|
| 260 |
|
|
|a Praha :
|b České vysoké učení technické,
|c 1995
|
| 300 |
|
|
|a 154 s. :
|b il., fot., tab., m. ;
|c 30 cm
|
| 500 |
|
|
|a Určeno pro posl. fak. stavební Čes. vys. učení techn. v Praze
|
| 500 |
|
|
|a Bibliogr. na s. 152-154
|
| 653 |
0 |
|
|a životní prostředí
|
| 700 |
1 |
|
|a Schröfel, Jan,
|d 1943-
|7 ntka173946
|4 aut
|
| 710 |
2 |
|
|a České vysoké učení technické v Praze.
|b Stavební fakulta
|7 kn20010710181
|
| 910 |
|
|
|a BOA001
|b TK-A-0256.898
|
| 962 |
|
|
|a 504.06
|
| 962 |
|
|
|a 504.05
|
| 990 |
|
|
|a BK
|
| 996 |
7 |
|
|b 2620000735
|c TK-A-0256.898
|l MZK
|r Sklad / do 24 hodin
|n 4
|p kup
|w 000022030
|u 000010
|a 1
|e BOA001
|j MZK50
|s A
|
| 996 |
7 |
|
|b 2620000736
|c TK-A-0256.898
|l MZK
|r Sklad / do 24 hodin
|n 1
|p kup
|w 000022030
|u 000020
|a 1
|e BOA001
|j MZK50
|s A
|